000 00483cam a2200181ua 4500
001 744
008 110419n ii |||gr||||Z||||||eng
040 _cMAIN
082 _a352.073
245 1 _aLocal self govt. in United States of America.
_cBy B C Rai.
250 _a1st.
260 _aLuchnow.:
_bprakashan kendra.
300 _avii, 256 p.:
_c20 cm.
653 _aPolitical science.
653 _aLocal self govt. in United State of America.
700 1 _aRai, B C.,
942 _cBK
999 _c671
_d671